[Event "DVM U12 2020"]
[Site "Magdeburg GER"]
[Date "2021.08.07"]
[Round "5"]
[White "Schmidt, Moritz"]
[Black "Chua, Daniel James"]
[Result "0-1"]
[Termination "normal"]
[Board "4.4"]
[WhiteElo "1454"]
[BlackElo "1477"]
[WhiteClock "01:18:08"]
[BlackClock "01:32:57"]
[WhiteTeam "Schachvereinigung 1920 Plettenberg e. V."]
[BlackTeam "SC Garching 1980 e.V."]
[PlyCount "156"]
[WhiteFideId "34603549"]
[BlackFideId "34608354"]
[EventCountry "GER"]
[EventRounds "7"]
[EventType "team-swiss"]
[EventDate "2021.08.04"]

1. e4 {[%clk 01:30:57]} {[%emt 00:00:41]} e5 {[%clk 01:30:54]} 2. Nf3 {[%clk
01:31:19]} Nf6 {[%clk 01:31:18]} 3. Nxe5 {[%clk 01:31:39]} d6 {[%clk 01:31:40]}
4. Nf3 {[%clk 01:32:03]} Nxe4 {[%clk 01:32:04]} 5. Nc3 {[%clk 01:32:20]} Nxc3
{[%clk 01:32:13]} {[%emt 00:00:03]} 6. dxc3 {[%clk 01:32:38]} Be7 {[%clk
01:32:18]} 7. Bc4 {[%clk 01:32:26]} O-O {[%clk 01:32:38]} 8. O-O {[%clk
01:32:37]} Nc6 {[%clk 01:32:47]} 9. Bf4 {[%clk 01:31:17]} Be6 {[%clk 01:22:53]}
10. Bxe6 {[%clk 01:29:56]} {[%emt 00:01:02]} fxe6 {[%clk 01:23:11]} {[%emt
00:00:15]} 11. Nd4 {[%clk 01:28:50]} {[%emt 00:07:45]} Nxd4 {[%clk 01:22:52]}
12. Qxd4 {[%clk 01:29:15]} e5 {[%clk 01:23:11]} 13. Qd5+ {[%clk 01:29:39]} Kh8
{[%clk 01:23:31]} 14. Bg3 {[%clk 01:29:12]} c6 {[%clk 01:22:53]} 15. Qe4 {[%clk
01:28:43]} Bf6 {[%clk 01:22:12]} 16. Rad1 {[%clk 01:28:23]} {[%emt 00:03:00]}
d5 {[%clk 01:22:12]} 17. Qg4 {[%clk 01:26:56]} Qe7 {[%clk 01:21:18]} {[%emt
00:08:57]} 18. Rfe1 {[%clk 01:26:42]} Rae8 {[%clk 01:21:04]} 19. Rd3 {[%clk
01:24:22]} Qe6 {[%clk 01:20:01]} 20. Qh5 {[%clk 01:23:39]} e4 {[%clk 01:19:50]}
21. Rde3 {[%clk 01:22:41]} {[%emt 00:01:32]} g6 {[%clk 01:19:14]} {[%emt
00:00:57]} 22. Qh6 {[%clk 01:18:16]} {[%emt 00:23:42]} Bg7 {[%clk 01:19:27]}
23. Qh4 {[%clk 01:17:51]} Bf6 {[%clk 01:19:15]} 24. Qh6 {[%clk 01:17:40]} Qf5
{[%clk 01:19:01]} 25. Bf4 {[%clk 01:17:34]} Bg7 {[%clk 01:19:19]} 26. Qh4
{[%clk 01:14:18]} Qxf4 {[%clk 01:19:07]} {[%emt 00:10:08]} 27. Rh3 {[%clk
01:14:06]} Qxh4 {[%clk 01:19:12]} 28. Rxh4 {[%clk 01:14:34]} Be5 {[%clk
01:18:21]} 29. Rh3 {[%clk 01:14:23]} d4 {[%clk 01:18:28]} 30. Rxe4 {[%clk
01:14:37]} Bxh2+ {[%clk 01:18:46]} {[%emt 00:00:04]} 31. Kxh2 {[%clk 01:14:45]}
Rxe4 {[%clk 01:19:12]} 32. cxd4 {[%clk 01:15:12]} Rxd4 {[%clk 01:19:31]} 33.
Rb3 {[%clk 01:15:32]} Rxf2 {[%clk 01:19:45]} 34. Rxb7 {[%clk 01:15:54]} Rxc2
{[%clk 01:20:10]} 35. Rxa7 {[%clk 01:16:11]} Rxb2 {[%clk 01:20:31]} 36. a4
{[%clk 01:16:24]} Ra2 {[%clk 01:20:54]} 37. a5 {[%clk 01:16:51]} Rda4 {[%clk
01:21:14]} 38. Rc7 {[%clk 01:17:03]} Rxa5 {[%clk 01:21:33]} 39. Rxc6 {[%clk
01:17:28]} Rg5 {[%clk 01:21:55]} 40. Rc8+ {[%clk 01:17:18]} Kg7 {[%clk
01:22:18]} 41. Rc7+ {[%clk 01:17:42]} Kh6 {[%clk 01:22:47]} 42. Kh1 {[%clk
01:17:51]} Rgxg2 {[%clk 01:23:12]} 43. Rxh7+ {[%clk 01:18:17]} Kg5 {[%clk
01:23:30]} 44. Rh5+ {[%clk 01:18:41]} Kf4 {[%clk 01:23:37]} 45. Rf5+ {[%clk
01:18:41]} Ke4 {[%clk 01:23:59]} 46. Re5+ {[%clk 01:19:07]} {[%emt 00:00:11]}
Kd3 {[%clk 01:24:25]} 47. Rd5+ {[%clk 01:19:26]} {[%emt 00:00:04]} Ke2 {[%clk
01:24:39]} 48. Kxg2 {[%clk 01:19:39]} Ke3+ {[%clk 01:25:05]} 49. Kg3 {[%clk
01:20:03]} Ke4 {[%clk 01:25:30]} 50. Rd6 {[%clk 01:20:29]} Ra1 {[%clk
01:25:50]} 51. Kf2 {[%clk 01:20:00]} Kf5 {[%clk 01:26:10]} 52. Rd8 {[%clk
01:20:11]} Ra6 {[%clk 01:26:35]} 53. Rg8 {[%clk 01:20:35]} g5 {[%clk 01:26:56]}
54. Kg3 {[%clk 01:19:15]} Ra3+ {[%clk 01:27:17]} 55. Kh2 {[%clk 01:19:28]} Kg4
{[%clk 01:27:41]} 56. Kg2 {[%clk 01:18:23]} Ra2+ {[%clk 01:28:03]} 57. Kh1
{[%clk 01:18:26]} Ra5 {[%clk 01:26:54]} 58. Kg2 {[%clk 01:17:42]} Rf5 {[%clk
01:26:59]} {[%emt 00:00:17]} 59. Rh8 {[%clk 01:17:19]} {[%emt 00:00:46]} Kf4
{[%clk 01:27:14]} {[%emt 00:00:06]} 60. Kh3 {[%clk 01:16:58]} {[%emt 00:00:53]}
Kf3 {[%clk 01:27:35]} {[%emt 00:00:07]} 61. Rg8 {[%clk 01:17:13]} {[%emt
00:00:23]} Rf6 {[%clk 01:27:41]} {[%emt 00:00:15]} 62. Kh2 {[%clk 01:17:12]}
{[%emt 00:00:33]} g4 {[%clk 01:28:04]} {[%emt 00:00:09]} 63. Rg7 {[%clk
01:16:47]} {[%emt 00:01:08]} Rh6+ {[%clk 01:28:25]} {[%emt 00:00:28]} 64. Kg1
{[%clk 01:16:59]} Kg3 {[%clk 01:28:47]} 65. Rg8 {[%clk 01:16:51]} {[%emt
00:00:38]} Ra6 {[%clk 01:29:11]} 66. Kf1 {[%clk 01:17:07]} {[%emt 00:00:25]}
Ra2 {[%clk 01:29:16]} {[%emt 00:00:15]} 67. Rg7 {[%clk 01:17:22]} {[%emt
00:00:28]} Rf2+ {[%clk 01:29:33]} {[%emt 00:00:35]} 68. Kg1 {[%clk 01:17:34]}
Rf4 {[%clk 01:29:52]} 69. Rh7 {[%clk 01:17:13]} {[%emt 00:00:40]} Ra4 {[%clk
01:29:42]} {[%emt 00:00:40]} 70. Kf1 {[%clk 01:17:01]} {[%emt 00:00:42]} Ra1+
{[%clk 01:29:57]} {[%emt 00:00:50]} 71. Ke2 {[%clk 01:17:25]} Kg2 {[%clk
01:30:24]} 72. Ke3 {[%clk 01:17:08]} {[%emt 00:00:24]} g3 {[%clk 01:30:42]}
{[%emt 00:00:09]} 73. Ke2 {[%clk 01:17:07]} {[%emt 00:00:26]} Kg1 {[%clk
01:31:04]} {[%emt 00:00:20]} 74. Rg7 {[%clk 01:17:05]} {[%emt 00:00:25]} g2
{[%clk 01:31:25]} {[%emt 00:00:11]} 75. Kf3 {[%clk 01:17:31]} {[%emt 00:00:18]}
Ra3+ {[%clk 01:31:50]} 76. Ke2 {[%clk 01:17:49]} {[%emt 00:00:04]} Rh3 {[%clk
01:32:13]} {[%emt 00:00:09]} 77. Rg6 {[%clk 01:17:59]} {[%emt 00:00:22]} Kh1
{[%clk 01:32:37]} {[%emt 00:00:07]} 78. Kf2 {[%clk 01:18:08]} {[%emt 00:00:13]}
Rh2 {[%clk 01:32:57]} {[%emt 00:00:29]} 0-1

[Event "DVM U12 2020"]
[Site "Magdeburg GER"]
[Date "2021.08.07"]
[Round "5"]
[White "Huber, Benedikt"]
[Black "Apel, Linus"]
[Result "1-0"]
[Termination "normal"]
[Board "5.1"]
[WhiteElo "1613"]
[BlackElo "1475"]
[WhiteClock "00:19:02"]
[BlackClock "00:30:55"]
[WhiteTeam "SK Kelheim 1920"]
[BlackTeam "USV Erfurt"]
[PlyCount "49"]
[WhiteFideId "16281225"]
[BlackFideId "16265785"]
[EventCountry "GER"]
[EventRounds "7"]
[EventType "team-swiss"]
[EventDate "2021.08.04"]

1. e4 {[%clk 01:30:58]} e5 {[%clk 01:30:38]} 2. Nf3 {[%clk 01:31:24]} Nc6
{[%clk 01:30:54]} 3. d4 {[%clk 01:31:50]} exd4 {[%clk 01:31:09]} 4. Nxd4 {[%clk
01:32:13]} Bc5 {[%clk 01:31:09]} 5. Be3 {[%clk 01:32:36]} Qf6 {[%clk 01:31:31]}
6. c3 {[%clk 01:33:01]} Nge7 {[%clk 01:31:55]} 7. Bc4 {[%clk 01:33:25]} O-O
{[%clk 01:30:24]} 8. O-O {[%clk 01:33:47]} Bb6 {[%emt 00:49:59]} 9. f4 {[%clk
01:23:55]} d6 {[%clk 01:25:15]} 10. Kh1 {[%clk 01:20:01]} Bd7 {[%clk 01:16:31]}
11. g4 {[%clk 01:01:40]} {[%emt 00:00:10]} Ng6 {[%clk 01:08:14]} 12. g5 {[%clk
00:56:09]} Qe7 {[%clk 01:08:05]} 13. Nd2 {[%clk 00:56:37]} Na5 {[%clk
00:56:50]} {[%emt 00:11:32]} 14. Bd3 {[%clk 00:51:30]} {[%emt 00:06:01]} f6
{[%clk 00:47:05]} {[%emt 00:09:53]} 15. gxf6 {[%clk 00:40:52]} {[%emt
00:24:31]} Qxf6 {[%clk 00:45:57]} 16. f5 {[%clk 00:41:14]} Ne5 {[%clk
00:45:23]} 17. Be2 {[%clk 00:40:18]} Rae8 {[%clk 00:39:23]} 18. Rg1 {[%clk
00:31:58]} {[%emt 00:10:30]} d5 {[%clk 00:35:18]} {[%emt 00:00:17]} 19. Bg5
{[%clk 00:27:29]} {[%emt 00:04:55]} Qd6 {[%clk 00:32:42]} {[%emt 00:03:06]} 20.
b4 {[%clk 00:20:33]} {[%emt 00:07:26]} Nac6 {[%clk 00:31:52]} {[%emt 00:01:21]}
21. Nb5 {[%clk 00:20:12]} {[%emt 00:00:51]} Bxg1 {[%clk 00:30:49]} {[%emt
00:01:35]} 22. Nxd6 {[%clk 00:20:32]} {[%emt 00:00:08]} cxd6 {[%clk 00:31:08]}
{[%emt 00:00:27]} 23. Qxg1 {[%clk 00:20:31]} {[%emt 00:23:33]} dxe4 {[%clk
00:30:52]} 24. Bh6 {[%clk 00:19:48]} Re7 {[%clk 00:30:55]} 25. f6 {[%clk
00:19:02]} 1-0

[Event "DVM U12 2020"]
[Site "Magdeburg GER"]
[Date "2021.08.07"]
[Round "5"]
[White "Wagner, Anton"]
[Black "Neumeier, Konstantin"]
[Result "1-0"]
[Termination "normal"]
[Board "5.2"]
[WhiteElo "1406"]
[BlackElo "1097"]
[WhiteClock "00:22:08"]
[BlackClock "01:08:43"]
[WhiteTeam "USV Erfurt"]
[BlackTeam "SK Kelheim 1920"]
[PlyCount "81"]
[WhiteFideId "34608095"]
[BlackFideId "34608230"]
[EventCountry "GER"]
[EventRounds "7"]
[EventType "team-swiss"]
[EventDate "2021.08.04"]

1. d4 {[%clk 01:30:58]} d5 {[%clk 01:30:51]} 2. c4 {[%clk 01:31:24]} e6 {[%clk
01:31:07]} 3. a3 {[%clk 01:30:42]} Nf6 {[%clk 01:30:20]} 4. Nf3 {[%clk
01:30:59]} c5 {[%clk 01:29:30]} 5. Nc3 {[%clk 01:31:22]} Nc6 {[%clk 01:29:33]}
6. Bg5 {[%clk 01:31:02]} Be7 {[%clk 01:29:39]} 7. e3 {[%clk 01:31:02]} O-O
{[%clk 01:28:28]} 8. Be2 {[%clk 01:29:05]} Qc7 {[%clk 01:28:04]} 9. O-O {[%clk
01:26:25]} Rd8 {[%clk 01:27:51]} 10. Qc2 {[%clk 01:20:18]} Ng4 {[%clk
01:26:24]} 11. Bxe7 {[%clk 01:14:54]} Qxe7 {[%clk 01:26:24]} 12. h3 {[%clk
01:14:55]} Nf6 {[%clk 01:26:37]} 13. Rad1 {[%clk 01:08:39]} Bd7 {[%emt
00:00:01]} 14. Rfe1 {[%clk 00:58:43]} Rac8 {[%clk 01:24:38]} 15. Qb1 {[%clk
00:55:34]} b6 {[%clk 01:24:51]} 16. cxd5 {[%clk 00:53:54]} exd5 {[%clk
01:25:00]} 17. dxc5 {[%clk 00:52:15]} bxc5 {[%clk 01:25:04]} 18. Nxd5 {[%clk
00:49:37]} {[%emt 00:00:14]} Nxd5 {[%clk 01:25:05]} {[%emt 00:00:04]} 19. Rxd5
{[%clk 00:49:48]} Qe6 {[%clk 01:23:12]} 20. Rxc5 {[%clk 00:48:08]} h6 {[%clk
01:18:47]} 21. Rd1 {[%clk 00:46:33]} Rb8 {[%clk 01:18:30]} 22. Nd4 {[%clk
00:43:14]} {[%emt 00:01:43]} Qf6 {[%clk 01:17:56]} {[%emt 00:01:06]} 23. Nxc6
{[%clk 00:40:53]} {[%emt 00:03:18]} Bxc6 {[%clk 01:18:12]} 24. Rxd8+ {[%clk
00:41:12]} Rxd8 {[%clk 01:18:31]} {[%emt 00:00:08]} 25. Qc2 {[%clk 00:37:45]}
{[%emt 00:03:57]} Bd7 {[%clk 01:16:36]} {[%emt 00:11:03]} 26. Qc3 {[%clk
00:34:42]} Qg6 {[%clk 01:13:07]} 27. Qd3 {[%clk 00:25:33]} {[%emt 00:08:36]}
Qf6 {[%clk 01:12:29]} {[%emt 00:01:04]} 28. Rd5 {[%clk 00:25:31]} {[%emt
00:18:50]} Qc6 {[%clk 01:12:29]} 29. Bg4 {[%clk 00:23:47]} Qc1+ {[%clk
01:09:03]} 30. Kh2 {[%clk 00:23:02]} Qc7+ {[%clk 01:09:21]} 31. g3 {[%clk
00:23:13]} Qb7 {[%clk 01:08:41]} 32. Rxd7 {[%clk 00:23:13]} Rxd7 {[%clk
01:08:55]} 33. Qxd7 {[%clk 00:22:05]} Qxb2 {[%clk 01:08:26]} 34. Kg2 {[%clk
00:21:43]} Qxa3 {[%clk 01:07:53]} 35. Qe8+ {[%clk 00:22:02]} Kh7 {[%clk
01:07:59]} 36. Bf5+ {[%clk 00:21:52]} g6 {[%clk 01:07:54]} 37. Qxf7+ {[%clk
00:22:16]} Kh8 {[%clk 01:08:14]} 38. Qf6+ {[%clk 00:21:35]} Kh7 {[%clk
01:08:06]} {[%emt 00:09:33]} 39. Bxg6+ {[%clk 00:21:59]} Kg8 {[%clk 01:08:22]}
40. Qf7+ {[%clk 00:22:08]} Kh8 {[%clk 01:08:43]} 41. Qh7# 1-0

[Event "DVM U12 2020"]
[Site "Magdeburg GER"]
[Date "2021.08.07"]
[Round "5"]
[White "Neumeier, Valentina"]
[Black "Tran, Anh Duc Kevin"]
[Result "0-1"]
[Termination "normal"]
[Board "5.3"]
[WhiteElo "1189"]
[BlackElo "1338"]
[WhiteClock "00:27:08"]
[BlackClock "00:17:29"]
[WhiteTeam "SK Kelheim 1920"]
[BlackTeam "USV Erfurt"]
[PlyCount "34"]
[WhiteFideId "34608222"]
[BlackFideId "34608125"]
[EventCountry "GER"]
[EventRounds "7"]
[EventType "team-swiss"]
[EventDate "2021.08.04"]

1. e4 {[%clk 01:30:59]} {[%emt 00:00:37]} e5 {[%clk 01:30:22]} 2. Nf3 {[%clk
01:31:23]} Nc6 {[%clk 01:30:41]} 3. Nc3 {[%clk 01:31:45]} Bc5 {[%clk 01:30:38]}
4. Nxe5 {[%clk 01:31:27]} {[%emt 00:04:19]} Qf6 {[%clk 01:20:31]} {[%emt
00:18:05]} 5. Nf3 {[%clk 01:20:58]} d6 {[%clk 01:16:33]} {[%emt 00:04:22]} 6.
Nd5 {[%clk 01:18:40]} {[%emt 00:36:01]} Qd8 {[%clk 01:09:44]} 7. h3 {[%clk
01:16:00]} Nge7 {[%clk 01:03:19]} 8. Nc3 {[%clk 01:13:39]} O-O {[%clk
01:01:57]} {[%emt 00:00:12]} 9. Bc4 {[%clk 01:08:53]} Be6 {[%clk 00:56:32]} 10.
Bb3 {[%clk 01:06:34]} {[%emt 00:03:07]} d5 {[%clk 00:49:44]} {[%emt 00:07:40]}
11. d3 {[%emt 00:16:10]} d4 {[%clk 00:41:03]} {[%emt 00:00:26]} 12. Ne2 {[%clk
00:52:14]} {[%emt 00:07:09]} Bxb3 {[%clk 00:38:18]} {[%emt 00:03:11]} 13. axb3
{[%emt 00:14:53]} Qd7 {[%clk 00:31:11]} 14. O-O {[%clk 00:47:12]} Ng6 {[%clk
00:27:56]} {[%emt 00:02:35]} 15. Ng3 {[%clk 00:38:10]} {[%emt 00:09:31]} Nce7
{[%clk 00:23:20]} {[%emt 00:05:03]} 16. Re1 {[%clk 00:33:10]} {[%emt 00:05:28]}
f6 {[%clk 00:19:56]} {[%emt 00:16:01]} 17. c3 {[%clk 00:27:08]} Bb6 {[%clk
00:17:29]} 0-1

[Event "DVM U12 2020"]
[Site "Magdeburg GER"]
[Date "2021.08.07"]
[Round "5"]
[White "Semling, Julius"]
[Black "Schreiber, Benedikt"]
[Result "1/2-1/2"]
[Termination "normal"]
[Board "6.1"]
[WhiteElo "1318"]
[BlackElo "1248"]
[WhiteClock "01:02:04"]
[BlackClock "01:16:15"]
[WhiteTeam "SC Brandeck-Turm Ohlsbach e.V."]
[BlackTeam "Tischtennisclub Grün-Weiß Fritzdorf 1958 e. V."]
[PlyCount "56"]
[WhiteFideId "16290160"]
[BlackFideId "16258533"]
[EventCountry "GER"]
[EventRounds "7"]
[EventType "team-swiss"]
[EventDate "2021.08.04"]

1. e4 {[%clk 01:30:59]} {[%emt 00:07:43]} c5 2. Nf3 Nc6 {[%clk 01:31:14]} 3. d4
{[%clk 01:31:57]} cxd4 4. Nxd4 g6 {[%clk 01:31:28]} 5. c4 {[%clk 01:32:25]} Bg7
{[%clk 01:31:43]} {[%emt 00:00:05]} 6. Be3 {[%clk 01:32:53]} {[%emt 00:35:41]}
Qa5+ {[%clk 01:31:47]} 7. Nc3 {[%clk 01:32:55]} Nf6 {[%clk 01:31:41]} 8. Nb3
{[%clk 01:33:09]} Qc7 {[%clk 01:31:03]} 9. Rc1 {[%clk 01:32:49]} b6 {[%clk
01:30:03]} 10. Be2 {[%clk 01:31:33]} O-O {[%clk 01:30:21]} 11. O-O {[%clk
01:31:16]} Bb7 {[%clk 01:30:40]} 12. f3 {[%clk 01:30:16]} a6 {[%clk 01:29:59]}
13. Nd5 {[%clk 01:29:21]} Qd8 {[%clk 01:29:01]} 14. Bxb6 {[%clk 01:28:24]} Qc8
{[%clk 01:27:00]} {[%emt 00:00:08]} 15. Na5 {[%clk 01:28:00]} Nxd5 {[%clk
01:26:34]} 16. cxd5 {[%clk 01:27:50]} Bxb2 {[%clk 01:25:24]} 17. dxc6 {[%clk
01:28:03]} Bxc6 {[%clk 01:24:47]} 18. Nxc6 {[%clk 01:27:22]} dxc6 {[%clk
01:23:51]} 19. Rc2 {[%clk 01:27:22]} Bg7 {[%clk 01:23:46]} 20. a4 {[%clk
01:24:06]} a5 {[%clk 01:23:20]} {[%emt 00:44:14]} 21. Bb5 {[%clk 01:23:16]} Qb7
{[%clk 01:22:52]} 22. Rxc6 {[%clk 01:23:37]} Ra6 {[%clk 01:21:04]} 23. Qd2
{[%clk 01:11:14]} Rxb6 {[%clk 01:20:47]} 24. Rfc1 {[%clk 01:11:31]} Qa7 {[%clk
01:19:40]} {[%emt 00:03:13]} 25. Qe3 {[%clk 01:11:10]} Bh6 {[%clk 01:18:28]}
26. Qf2 {[%clk 01:06:48]} Bxc1 {[%clk 01:18:33]} 27. Rxb6 {[%clk 01:07:16]} Kh8
{[%clk 01:18:01]} 28. Ra6 {[%clk 01:02:04]} Qxf2+ {[%clk 01:16:15]} 1/2-1/2

[Event "DVM U12 2020"]
[Site "Magdeburg GER"]
[Date "2021.08.07"]
[Round "5"]
[White "Mombauer, Felix"]
[Black "Semling, Johannes"]
[Result "0-1"]
[Termination "normal"]
[Board "6.2"]
[WhiteElo "1177"]
[BlackElo "1664"]
[WhiteClock "01:30:59"]
[BlackClock "01:30:54"]
[WhiteTeam "Tischtennisclub Grün-Weiß Fritzdorf 1958 e. V."]
[BlackTeam "SC Brandeck-Turm Ohlsbach e.V."]
[PlyCount "56"]
[WhiteFideId "34608249"]
[BlackFideId "16290151"]
[EventCountry "GER"]
[EventRounds "7"]
[EventType "team-swiss"]
[EventDate "2021.08.04"]

1. d4 {[%clk 01:30:59]} Nf6 {[%clk 01:30:54]} 2. Nc3 {[%clk 01:30:59]} d5
{[%clk 01:30:54]} 3. Nf3 {[%clk 01:30:59]} e6 {[%clk 01:30:54]} 4. Bg5 {[%clk
01:30:59]} Be7 {[%clk 01:30:54]} 5. e3 {[%clk 01:30:59]} O-O {[%clk 01:30:54]}
6. Bd3 {[%clk 01:30:59]} b6 {[%clk 01:30:54]} 7. Qe2 {[%clk 01:30:59]} c5
{[%clk 01:30:54]} 8. Bxf6 {[%clk 01:30:59]} Bxf6 {[%clk 01:30:54]} 9. e4 {[%clk
01:30:59]} c4 {[%clk 01:30:54]} 10. O-O-O {[%clk 01:30:59]} cxd3 {[%clk
01:30:54]} 11. Rxd3 {[%clk 01:30:59]} Ba6 {[%clk 01:30:54]} 12. e5 {[%clk
01:30:59]} Bxd3 {[%clk 01:30:54]} 13. Qxd3 {[%clk 01:30:59]} Bg5+ {[%clk
01:30:54]} 14. Kb1 {[%clk 01:30:59]} Nc6 {[%clk 01:30:54]} 15. h4 {[%clk
01:30:59]} Be7 {[%clk 01:30:54]} 16. h5 {[%clk 01:30:59]} h6 {[%clk 01:30:54]}
17. g4 {[%clk 01:30:59]} Bg5 {[%clk 01:30:54]} 18. Ne2 {[%clk 01:30:59]} Rc8
{[%clk 01:30:54]} 19. Rg1 {[%clk 01:30:59]} Nb4 {[%clk 01:30:54]} 20. Qb3
{[%clk 01:30:59]} Nc6 {[%clk 01:30:54]} 21. Nxg5 {[%clk 01:30:59]} hxg5 {[%clk
01:30:54]} 22. Rh1 {[%clk 01:30:59]} f5 {[%clk 01:30:54]} 23. h6 {[%clk
01:30:59]} gxh6 {[%clk 01:30:54]} 24. Qh3 {[%clk 01:30:59]} Kf7 {[%clk
01:30:54]} 25. Qxh6 {[%clk 01:30:59]} Rh8 {[%clk 01:30:54]} 26. Qxh8 {[%clk
01:30:59]} Qxh8 {[%clk 01:30:54]} 27. Rxh8 {[%clk 01:30:59]} Rxh8 {[%clk
01:30:54]} 28. a3 {[%clk 01:30:59]} fxg4 {[%clk 01:30:54]} 0-1

[Event "DVM U12 2020"]
[Site "Magdeburg GER"]
[Date "2021.08.07"]
[Round "5"]
[White "Baihaghi, Arash"]
[Black "Mende, Lukas"]
[Result "1-0"]
[Termination "normal"]
[Board "6.3"]
[WhiteElo "1060"]
[BlackElo "1044"]
[WhiteClock "01:20:04"]
[BlackClock "01:21:20"]
[WhiteTeam "SC Brandeck-Turm Ohlsbach e.V."]
[BlackTeam "Tischtennisclub Grün-Weiß Fritzdorf 1958 e. V."]
[PlyCount "50"]
[WhiteFideId "34604979"]
[BlackFideId "34608257"]
[EventCountry "GER"]
[EventRounds "7"]
[EventType "team-swiss"]
[EventDate "2021.08.04"]

1. e4 c5 2. Nf3 {[%clk 01:30:50]} Nc6 {[%clk 01:30:46]} 3. d4 {[%clk 01:31:12]}
cxd4 {[%clk 01:31:10]} 4. Nxd4 {[%clk 01:31:35]} {[%emt 00:00:05]} g6 {[%clk
01:31:31]} {[%emt 00:00:25]} 5. c4 {[%emt 00:01:11]} Bg7 6. Be3 {[%clk
01:31:33]} Nf6 {[%clk 01:31:30]} 7. Nc3 {[%clk 01:31:37]} d6 {[%clk 01:31:42]}
{[%emt 00:00:18]} 8. Be2 {[%clk 01:31:26]} {[%emt 00:00:39]} O-O {[%clk
01:31:20]} {[%emt 00:00:52]} 9. O-O {[%clk 01:31:50]} {[%emt 00:07:33]} Ne5
{[%clk 01:31:24]} 10. h3 {[%clk 01:30:54]} b6 {[%clk 01:31:21]} 11. f4 {[%clk
01:30:34]} Ned7 {[%clk 01:31:02]} 12. f5 {[%clk 01:29:41]} Bb7 {[%clk
01:31:15]} 13. fxg6 {[%clk 01:29:13]} fxg6 {[%clk 01:30:35]} {[%emt 00:01:02]}
14. Ne6 {[%clk 01:28:56]} {[%emt 00:00:10]} Qc8 {[%clk 01:30:27]} {[%emt
00:01:38]} 15. Nxf8 {[%clk 01:29:06]} Nxf8 {[%clk 01:30:32]} 16. g4 {[%clk
01:27:30]} {[%emt 00:01:53]} Nxe4 {[%clk 01:30:47]} {[%emt 00:00:15]} 17. Nd5
{[%clk 01:27:22]} {[%emt 00:05:54]} Qd7 {[%clk 01:30:27]} 18. Bf3 {[%clk
01:25:14]} Nc5 {[%clk 01:29:06]} 19. Rb1 {[%clk 01:24:59]} {[%emt 00:00:46]}
Nfe6 {[%clk 01:27:57]} {[%emt 00:10:43]} 20. b4 {[%clk 01:24:45]} Bxd5 {[%clk
01:27:11]} 21. Bxd5 {[%clk 01:24:15]} Rc8 {[%clk 01:25:05]} 22. bxc5 {[%clk
01:24:25]} bxc5 {[%clk 01:24:37]} 23. Qe2 {[%clk 01:23:42]} Kh8 {[%clk
01:24:35]} {[%emt 00:00:05]} 24. Bb7 {[%clk 01:22:36]} {[%emt 00:11:33]} Rd8
{[%clk 01:24:35]} 25. Bd2 {[%clk 01:20:04]} Bd4+ {[%clk 01:21:20]} 1-0

[Event "DVM U12 2020"]
[Site "Magdeburg GER"]
[Date "2021.08.07"]
[Round "5"]
[White "Mende, Alexander"]
[Black "Baihaghi, Aryana"]
[Result "0-1"]
[Termination "normal"]
[Board "6.4"]
[WhiteElo "866"]
[BlackElo "1057"]
[WhiteClock "01:17:26"]
[BlackClock "01:21:28"]
[WhiteTeam "Tischtennisclub Grün-Weiß Fritzdorf 1958 e. V."]
[BlackTeam "SC Brandeck-Turm Ohlsbach e.V."]
[PlyCount "43"]
[WhiteFideId "34608265"]
[BlackFideId "34604960"]
[EventCountry "GER"]
[EventRounds "7"]
[EventType "team-swiss"]
[EventDate "2021.08.04"]

1. e4 {[%clk 01:30:46]} {[%emt 00:01:00]} e5 {[%clk 01:30:55]} 2. Nf3 {[%clk
01:31:11]} Nc6 {[%clk 01:31:20]} 3. Bc4 {[%clk 01:31:30]} Nf6 {[%clk 01:31:41]}
4. Nc3 {[%clk 01:31:53]} {[%emt 00:00:05]} Nxe4 {[%clk 01:32:01]} 5. Nxe4
{[%clk 01:32:11]} d5 {[%clk 01:32:23]} 6. Bxd5 {[%clk 01:32:28]} Qxd5 {[%clk
01:32:38]} 7. Nc3 {[%clk 01:32:49]} Qd6 {[%clk 01:32:49]} 8. d3 {[%clk
01:31:41]} {[%emt 00:01:02]} Be7 {[%clk 01:32:10]} {[%emt 00:06:21]} 9. O-O
{[%clk 01:31:33]} O-O {[%clk 01:32:08]} 10. Be3 {[%clk 01:31:26]} Bg4 {[%emt
00:00:04]} 11. Ne4 {[%clk 01:30:13]} Qg6 {[%clk 01:30:58]} {[%emt 00:00:18]}
12. Bg5 {[%clk 01:25:11]} {[%emt 00:38:15]} Bxf3 {[%clk 01:30:22]} 13. Qxf3
{[%clk 01:25:02]} Bxg5 {[%clk 01:29:54]} 14. Qg3 {[%clk 01:24:13]} f6 {[%clk
01:29:21]} 15. Qg4 {[%clk 01:19:55]} {[%emt 00:00:04]} Nd4 {[%clk 01:28:47]}
16. c3 {[%clk 01:19:42]} h5 {[%clk 01:28:18]} 17. Qd7 {[%clk 01:18:50]} Rad8
{[%clk 01:26:10]} {[%emt 00:00:04]} 18. Qxc7 {[%clk 01:18:38]} Ne2+ {[%clk
01:24:36]} 19. Kh1 {[%clk 01:18:28]} f5 {[%clk 01:22:54]} {[%emt 00:00:04]} 20.
Nxg5 {[%clk 01:17:18]} Qxg5 {[%clk 01:22:50]} 21. d4 {[%clk 01:17:26]} Rf7
{[%clk 01:21:28]} 22. dxe5 {[%emt 00:00:05]} 0-1